| Tag |
First Indicator |
Second Indicator |
Subfields |
| LEADER |
00000cam a2200000Ia 4500 |
| 001 |
in00002298813 |
| 005 |
20190326193406.0 |
| 006 |
m | d | |
| 007 |
cr |n||||||||n |
| 008 |
890810s1848 fr sb 000 0 fre d |
| 040 |
|
|
|a NYG
|c GKR
|d OCL
|d Thomson Gale
|d UtOrBLW
|
| 043 |
|
|
|a e-fr---
|
| 100 |
1 |
|
|a Leroux, Pierre,
|d 1797-1871.
|
| 245 |
1 |
0 |
|a De la ploutocratie, ou, Du gouvernement des riches /
|c par Pierre Leroux.
|
| 250 |
|
|
|a Nouv. éd.
|
| 264 |
|
1 |
|a [France] :
|b [publisher not identified],
|c 1848
|
| 264 |
|
3 |
|a Boussac :
|b P. Leroux
|
| 300 |
|
|
|a 264 pages ;
|c 17 cm.
|
| 336 |
|
|
|a text
|b txt
|2 rdacontent
|
| 337 |
|
|
|a computer
|b c
|2 rdamedia
|
| 338 |
|
|
|a online resource
|b cr
|2 rdacarrier
|
| 500 |
|
|
|a Originally published in the Revue indépendante. -- Cf. avant-propos.
|
| 500 |
|
|
|a Reproduction of original from Goldsmiths' Library, University of London.
|
| 500 |
|
|
|a Goldsmiths'-Kress number 36085.
|
| 504 |
|
|
|a Includes bibliographical references.
|
| 510 |
4 |
|
|a OCLC,
|c 20153629
|
| 533 |
|
|
|a Electronic reproduction.
|b Farmington Hills, Mich. :
|c Thomson Gale,
|d 2005.
|f (The making of the modern world).
|n Available via the World Wide Web.
|n Access limited to licensing agreements.
|7 s2005 miunns
|
| 500 |
|
|
|a Electronic resource.
|
| 651 |
|
0 |
|a France
|x Politics and government.
|
| 651 |
|
0 |
|a France
|x Economic conditions.
|
| 655 |
|
0 |
|a Electronic books.
|
| 740 |
0 |
|
|a De la ploutocratie.
|
| 740 |
0 |
|
|a Du gouvernement des riches.
|
| 830 |
|
0 |
|a Making of the modern world (Goldsmiths'-Kress Library of Economic Literature)
|
| 856 |
4 |
0 |
|u http://proxy.library.tamu.edu/login?url=http://galenet.galegroup.com/servlet/MOME?af=RN&ae=U108953041&srchtp=a&ste=14&locID=txshracd2898
|z Connect to the full text of this electronic book
|t 0
|
| 999 |
|
|
|a MARS
|
| 999 |
f |
f |
|s cd460dc6-c951-3c24-b364-fedf039a32c9
|i 6a21731e-2c93-372d-8dea-c8773dedba8d
|t 0
|
| 952 |
f |
f |
|a Texas A&M University
|b College Station
|c Electronic Resources
|d Available Online
|t 0
|h No information provided
|
| 998 |
f |
f |
|t 0
|l Available Online
|